| Tag |
First Indicator |
Second Indicator |
Subfields |
| LEADER |
00000cam a2200000Ka 4500 |
| 001 |
in00001781920 |
| 005 |
20211202200002.0 |
| 006 |
m d f |
| 008 |
030925s2002 cou s f000 0 eng d |
| 035 |
|
|
|a (OCoLC)ocm53084751
|
| 040 |
|
|
|a GPO
|c GPO
|d MvI
|d UtOrBLW
|
| 049 |
|
|
|a WWW
|
| 074 |
|
|
|a 0612-C (online)
|
| 086 |
0 |
|
|a I 49.44/2:R 59/3
|
| 245 |
0 |
0 |
|a Rocky Flats National Wildlife Refuge :
|b visions & issues workshop summary report.
|
| 264 |
|
1 |
|a [Denver, Colo.?] :
|b U.S. Fish & Wildlife Service,
|c [2002]
|
| 336 |
|
|
|a text
|b txt
|2 rdacontent
|
| 337 |
|
|
|a computer
|b c
|2 rdamedia
|
| 338 |
|
|
|a unspecified
|b zu
|2 rdacarrier
|
| 538 |
|
|
|a System requirements: Adobe Acrobat Reader.
|
| 538 |
|
|
|a Mode of access: Internet from the RockyFlats/FWS web site. Address as of 9/23/03: http://rockyflats.fws.gov/documents/vision%5Freport.pdf; current access is available via PURL.
|
| 500 |
|
|
|a Title from title screen (viewed on Sept. 23, 2003).
|
| 500 |
|
|
|a "September 2002."
|
| 500 |
|
|
|a Electronic resource.
|
| 651 |
|
0 |
|a Rocky Flats National Wildlife Refuge (Colo.)
|
| 650 |
|
0 |
|a Wildlife refuges
|z Colorado
|x Planning.
|
| 710 |
2 |
|
|a U.S. Fish and Wildlife Service.
|
| 856 |
4 |
0 |
|u https://purl.fdlp.gov/GPO/LPS33234
|t 0
|
| 999 |
|
|
|a MARS
|
| 999 |
f |
f |
|s 649ec6dd-b3ff-36a8-ae03-3116d106da93
|i e1617268-3eb3-3463-b588-fc3ca7804282
|t 0
|
| 952 |
f |
f |
|a Texas A&M University
|b College Station
|c Electronic Resources
|d Available Online
|t 0
|e I 49.44/2:R 59/3
|h Superintendent of Documents classification
|
| 998 |
f |
f |
|a I 49.44/2:R 59/3
|t 0
|l Available Online
|